| 000 | 00685nam a22002057a 4500 | ||
|---|---|---|---|
| 003 | 0 | ||
| 005 | 20250919115513.0 | ||
| 008 | 250919b xxu||||| |||| 00| 0 eng d | ||
| 020 | _a978-1-64726-920-3 | ||
| 050 |
_aQA 76.9.D3 _b.C76 2025 |
||
| 100 |
_aCrosby, Natalia, _eauthor. |
||
| 245 |
_aDatabase systems : _bdesign, development and management / _cNatalia Crosby. |
||
| 260 |
_aNew York, NY : _bClanrye International, _c2025. |
||
| 300 |
_avi, 242 pages : _bcolored illustrations ; _c27 cm. |
||
| 504 | _aIncludes bibliographical references and index. | ||
| 650 | _aDatabase management. | ||
| 650 | _aElectronic data processing. | ||
| 650 | _aDatabase design. | ||
| 942 |
_2lcc _cBK |
||
| 999 |
_c368036 _d368036 |
||